[Event "Fast and Furious iv"]
[Site "SchemingMind.com"]
[Date "2015.03.18"]
[Round "-"]
[White "Scooter"]
[Black "kenneth m day"]
[Result "0-1"]
[WhiteCountry "USA"]
[BlackCountry "USA"]
[WhiteElo "1708"]
[WhiteRD "44"]
[BlackElo "1730"]
[BlackRD "50"]
[GameID "376897"]

1. e4 e5 2. f4 exf4 3. Nf3 g5 4. h4 g4 5. Ne5 d6 6. Nxg4 Nf6 7. Nxf6+ Qxf6 8. Nc3 Nc6 9. d3 Be6 10. Bd2 Rg8
11. Nb5 O-O-O 12. Bc3 Qg6 13. Nd4 Qg3+ 14. Kd2 Qe3#
0-1

[Event "Fast and Furious iv"]
[Site "SchemingMind.com"]
[Date "2015.03.18"]
[Round "-"]
[White "kenneth m day"]
[Black "Scooter"]
[Result "1-0"]
[WhiteCountry "USA"]
[BlackCountry "USA"]
[WhiteElo "1730"]
[WhiteRD "50"]
[BlackElo "1708"]
[BlackRD "44"]
[GameID "376898"]

1. e4 e5 2. f4 exf4 3. Nf3 g5 4. Nc3 Nc6 5. g3 fxg3 6. hxg3 f6 7. Bc4 h6 8. d4 Bb4 9. Qd3 d6 10. Bd2 Bg4
11. O-O-O Bxf3 12. Qxf3 Nxd4 13. Qh5+ Kd7 14. Nd5 Bxd2+ 15. Rxd2 Nc6 16. Qg4+ Ke8 17. Qe6+ Nce7 18. Rf1 c6 19. Rxf6 cxd5 20. Bb5+
1-0

[Event "Fast and Furious iv"]
[Site "SchemingMind.com"]
[Date "2015.03.21"]
[Round "-"]
[White "Michael Christensen"]
[Black "Scooter"]
[Result "0-1"]
[WhiteCountry "GER"]
[BlackCountry "USA"]
[WhiteElo "1666"]
[WhiteRD "74"]
[BlackElo "1713"]
[BlackRD "44"]
[GameID "377032"]

1. e4 e5 2. f4 Nc6 3. Nf3 f6 4. Bc4 Bc5 5. fxe5 fxe5 6. d4 exd4 7. Ng5 Ne5 8. Bb3 h6 9. Qh5+ g6 10. Bf7+ Nxf7
11. Qxg6 hxg5 12. O-O Nh6 13. h4 Rg8 14. Qh7 Qe7 15. hxg5 Rh8 16. Qg6 Ng4
0-1

[Event "Fast and Furious iv"]
[Site "SchemingMind.com"]
[Date "2015.03.21"]
[Round "-"]
[White "Scooter"]
[Black "Michael Christensen"]
[Result "1-0"]
[WhiteCountry "USA"]
[BlackCountry "GER"]
[WhiteElo "1713"]
[WhiteRD "44"]
[BlackElo "1666"]
[BlackRD "74"]
[GameID "377033"]

1. e4 e5 2. f4 exf4 3. Nf3 g5 4. h4 g4 5. Ne5 Nf6 6. Bc4 d5 7. exd5 Bd6 8. d4 Nh5 9. Nxg4 Qe7+ 10. Ne5 f6
11. Qxh5+ Kd8 12. Bxf4 Bxe5 13. dxe5 Nd7 14. Qe2 Qb4+ 15. Nd2 Qxb2 16. O-O Qxc2 17. e6 Nc5 18. e7+ Ke8 19. Bxc7 Qg6 20. d6 Rg8
21. Bxg8
1-0

[Event "Fast and Furious iv"]
[Site "SchemingMind.com"]
[Date "2015.03.21"]
[Round "-"]
[White "Michael Christensen"]
[Black "kenneth m day"]
[Result "1/2-1/2"]
[WhiteCountry "GER"]
[BlackCountry "USA"]
[WhiteElo "1691"]
[WhiteRD "70"]
[BlackElo "1769"]
[BlackRD "52"]
[GameID "377034"]

1. e4 e5 2. f4 exf4 3. Nf3 g5 4. h4 g4 5. Ne5 d6 6. Nxg4 Nf6 7. Nxf6+ Qxf6 8. d4 Nc6 9. Bb5 Bd7 10. Bxc6 Bxc6
11. Nc3 O-O-O 12. O-O Qxh4 13. Rxf4 Qg3 14. Rxf7 h5 15. Bf4 Qg6 16. Rf5 Bxe4 17. Rg5 Qe6 18. Qe2 d5 19. Re5 Qg6 20. Nxe4 dxe4
21. Qxe4 Rg8 22. Qxg6 Rxg6 23. c3 Bd6 24. Rf5 Rdg8 25. Bxd6 Rxg2+ 26. Kh1 cxd6 27. b3 h4 28. Rh5 R8g4 29. Rxh4 R2g3 30. Rxg4 Rxg4
31. Rg1 Re4 32. Rg6 Kc7 33. Kh2 Re2+ 34. Rg2 Re3 35. Rg3 Re2+ 36. Rg2 Re3=
1/2-1/2

[Event "Fast and Furious iv"]
[Site "SchemingMind.com"]
[Date "2015.03.20"]
[Round "-"]
[White "kenneth m day"]
[Black "Michael Christensen"]
[Result "1-0"]
[WhiteCountry "USA"]
[BlackCountry "GER"]
[WhiteElo "1792"]
[WhiteRD "50"]
[BlackElo "1666"]
[BlackRD "74"]
[GameID "377035"]

1. e4 e5 2. f4 exf4 3. Nf3 g5 4. d4 d6 5. g3 g4 6. Nh4 fxg3 7. hxg3 Nf6 8. Nc3 Nbd7 9. Bc4 Nb6 10. Bb3 Qe7
11. Bg5 h6 12. Bxf6 Qxf6 13. Rf1 Qe7 14. Qe2 Bd7 15. Bxf7+
1-0

[Event "Fast and Furious iv"]
[Site "SchemingMind.com"]
[Date "2015.03.23"]
[Round "-"]
[White "Michael Christensen"]
[Black "David Hartley"]
[Result "1-0"]
[WhiteCountry "GER"]
[BlackCountry "ENG"]
[WhiteElo "1691"]
[WhiteRD "70"]
[BlackElo "1822"]
[BlackRD "63"]
[GameID "377053"]

1. e4 e5 2. f4 exf4 3. Nf3 g5 4. h4 g4 5. Ne5 Nf6 6. Nxg4 Nxe4 7. d3 Nf6 8. Bxf4 d6 9. Be2 Bg7 10. Nc3 Nc6
11. Nxf6+ Bxf6 12. Qd2 Bxh4+ 13. g3 Be7 14. O-O-O Bf5 15. Bf3 Qd7 16. Rde1 Be6 17. Qe3 b6 18. Qe4 d5 19. Nxd5 Rc8 20. Nxe7 Nxe7
21. Kb1 Bf5 22. Qe5 Rg8 23. Rh2 Kd8 24. Qf6 Be6 25. Bh5 Qe8 26. Rxe6 Rf8 27. Qh4 c6 28. Rhe2
1-0

[Event "Fast and Furious iv"]
[Site "SchemingMind.com"]
[Date "2015.03.23"]
[Round "-"]
[White "David Hartley"]
[Black "Michael Christensen"]
[Result "1-0"]
[WhiteCountry "ENG"]
[BlackCountry "GER"]
[WhiteElo "1822"]
[WhiteRD "63"]
[BlackElo "1691"]
[BlackRD "70"]
[GameID "377054"]

1. e4 e5 2. f4 exf4 3. Nf3 g5 4. h4 g4 5. Ne5 Nf6 6. Bc4 d5 7. exd5 Bd6 8. d4 Nh5 9. Nc3 Bf5 10. Ne2 Bxe5
11. dxe5 f3 12. gxf3 gxf3 13. Nd4 f2+ 14. Kxf2 Bg6 15. Qe2 Qe7 16. Bg5 Qf8 17. Raf1 h6 18. Be3 a6 19. Ke1 Qb4+ 20. c3 Qe7
21. Bf2 Nf4 22. Qg4 Qxe5+ 23. Kd2 Qd6 24. Bg3
1-0

[Event "Fast and Furious iv"]
[Site "SchemingMind.com"]
[Date "2015.03.23"]
[Round "-"]
[White "David Hartley"]
[Black "Scooter"]
[Result "1-0"]
[WhiteCountry "ENG"]
[BlackCountry "USA"]
[WhiteElo "1811"]
[WhiteRD "61"]
[BlackElo "1713"]
[BlackRD "44"]
[GameID "377055"]

1. e4 e5 2. f4 exf4 3. Nf3 g5 4. h4 g4 5. Ne5 Nf6 6. d4 d6 7. Nd3 Nxe4 8. Bxf4 h5 9. Nd2 f5 10. d5 Qe7
11. Qe2 Nxd2 12. Kxd2 Qxe2+ 13. Bxe2 b6 14. Rae1 Be7 15. Nb4 Nd7 16. Nc6 Bb7 17. Nxe7 Kxe7 18. Ba6+ Kf7 19. Bxb7
1-0

[Event "Fast and Furious iv"]
[Site "SchemingMind.com"]
[Date "2015.03.23"]
[Round "-"]
[White "Scooter"]
[Black "David Hartley"]
[Result "0-1"]
[WhiteCountry "USA"]
[BlackCountry "ENG"]
[WhiteElo "1708"]
[WhiteRD "44"]
[BlackElo "1813"]
[BlackRD "60"]
[GameID "377056"]

1. e4 e5 2. f4 exf4 3. Nf3 g5 4. h4 g4 5. Ne5 Nf6 6. Bc4 d5 7. exd5 Bd6 8. d4 Nh5 9. Nxg4 Qe7+ 10. Qe2 Bxg4
11. Qxe7+ Bxe7 12. Be2 Bxe2
0-1

[Event "Fast and Furious iv"]
[Site "SchemingMind.com"]
[Date "2015.03.23"]
[Round "-"]
[White "David Hartley"]
[Black "kenneth m day"]
[Result "0-1"]
[WhiteCountry "ENG"]
[BlackCountry "USA"]
[WhiteElo "1811"]
[WhiteRD "61"]
[BlackElo "1792"]
[BlackRD "50"]
[GameID "377057"]

1. e4 e5 2. f4 exf4 3. Nf3 g5 4. h4 g4 5. Ne5 d6 6. Nxg4 Nf6 7. Nxf6+ Qxf6 8. d3 Nc6 9. Nc3 Be6 10. Qf3 Bh6
11. g3 Ne5 12. Qf2 f3 13. Bxh6 Qxh6 14. Nb5 Kd7 15. Bh3 a6 16. Nd4 Rhg8 17. Nxf3 Ng4 18. Qe2 Ne3 19. Bxe6+ fxe6 20. Rg1 Raf8
21. Ng5 Rxg5 22. hxg5 Qxg5 23. Kd2 Ng4+ 24. Ke1 Rf2 25. Qd1 Qe3+
0-1

[Event "Fast and Furious iv"]
[Site "SchemingMind.com"]
[Date "2015.03.23"]
[Round "-"]
[White "kenneth m day"]
[Black "David Hartley"]
[Result "0-1"]
[WhiteCountry "USA"]
[BlackCountry "ENG"]
[WhiteElo "1769"]
[WhiteRD "52"]
[BlackElo "1822"]
[BlackRD "63"]
[GameID "377058"]

1. e4 e5 2. f4 exf4 3. Nf3 g5 4. d4 d6 5. g3 g4 6. Nh4 f3 7. Nc3 Bg7 8. Be3 Nc6 9. Qd2 h5 10. O-O-O Bd7
11. Bc4 Qe7 12. Bg5 Bf6 13. Be3 Qf8 14. e5 dxe5 15. dxe5 Nxe5 16. Bf4 O-O-O 17. Bxe5 Bxe5 18. Rhe1 Bg7 19. Kb1 Bf6 20. Qe3 Kb8
21. Nd5 Bxh4 22. gxh4 Be6 23. Qe5 Bxd5 24. Bxd5 Rh6 25. Bxf7 Nf6 26. Bc4 Nd7 27. Qg3 Nb6 28. Bb3 Rxd1+ 29. Rxd1 Rh7 30. Qf2 Re7
31. a4 Qe8 32. h3 Re2 33. Qg3 f2 34. a5 Re1
0-1

[Event "Fast and Furious iv"]
[Site "SchemingMind.com"]
[Date "2015.03.27"]
[Round "-"]
[White "Michael Christensen"]
[Black "Phillip Beckett"]
[Result "1/2-1/2"]
[WhiteCountry "GER"]
[BlackCountry "ENG"]
[WhiteElo "1666"]
[WhiteRD "74"]
[BlackElo "1569"]
[BlackRD "46"]
[GameID "377268"]

1. e4 e5 2. f4 Qh4+ 3. g3 Qe7 4. fxe5 d6 5. d4 dxe5 6. dxe5 Qxe5 7. Nc3 Bb4 8. Qf3 Bxc3+ 9. bxc3 Nf6 10. Bf4 Qxe4+
11. Qxe4+ Nxe4 12. Bxc7 Nxc3 13. Be5 Nd5 14. Bxg7 Rg8 15. Bb2 Be6 16. a3 Ne3 17. Bd3 Bd5 18. Bb5+ Nc6 19. Bxc6+ Bxc6 20. Ke2 Nxc2
21. Rc1 Nxa3 22. Nf3 Nb5 23. Rhe1 O-O-O 24. Rc2 Kb8 25. Be5+ Ka8 26. Kf2 a6 27. Rce2 Bxf3 28. Kxf3 Nd4+ 29. Bxd4 Rxd4 30. Re7 Rc8
31. Rxf7 Rc3+ 32. Kg2 Rd2+ 33. Kh3 Rcc2 34. Ree7=
1/2-1/2

[Event "Fast and Furious iv"]
[Site "SchemingMind.com"]
[Date "2015.03.30"]
[Round "-"]
[White "Phillip Beckett"]
[Black "Michael Christensen"]
[Result "0-1"]
[WhiteCountry "ENG"]
[BlackCountry "GER"]
[WhiteElo "1569"]
[WhiteRD "46"]
[BlackElo "1666"]
[BlackRD "74"]
[GameID "377269"]

1. e4 e5 2. f4 exf4 3. Nf3 g5 4. Bc4 g4 5. O-O gxf3 6. Qxf3 Qf6 7. e5 Qxe5 8. Bxf7+ Kxf7 9. d4 Qxd4+ 10. Be3 Qf6
11. Qh5+ Qg6 12. Rxf4+ Nf6 13. Rxf6+ Kxf6 14. Bd4+ Kf7 15. Qf3+ Kg8 16. Qd5+ Qe6 17. Qg5+ Qg6 18. Qd5+ Qf7 19. Qg5+ Bg7 20. Qd8+ Qf8
21. Qxf8+ Kxf8
0-1

[Event "Fast and Furious iv"]
[Site "SchemingMind.com"]
[Date "2015.03.26"]
[Round "-"]
[White "David Hartley"]
[Black "Phillip Beckett"]
[Result "1-0"]
[WhiteCountry "ENG"]
[BlackCountry "ENG"]
[WhiteElo "1811"]
[WhiteRD "61"]
[BlackElo "1569"]
[BlackRD "46"]
[GameID "377270"]

1. e4 e5 2. f4 Qh4+ 3. g3 Qe7 4. fxe5 d6 5. Nc3 dxe5 6. d3 c6 7. Nf3 Bg4 8. Be2 Nf6 9. Be3 Nbd7 10. Qd2 Nc5
11. O-O-O O-O-O 12. Qe1 Kb8 13. Rf1 Bxf3 14. Bxf3 Ne6 15. Qf2 Nd4 16. Bg2 c5 17. Bg5 h6 18. Bxf6 gxf6 19. Qxf6 Qxf6 20. Rxf6 Bg7
21. Rxf7 Bf8 22. Rdf1 b5 23. R1f6 b4 24. Nd5 Ne2+ 25. Kd2 Nd4 26. Ra6 h5 27. Raxa7 c4 28. Rfb7+ Kc8 29. Nb6#
1-0

[Event "Fast and Furious iv"]
[Site "SchemingMind.com"]
[Date "2015.03.26"]
[Round "-"]
[White "Phillip Beckett"]
[Black "David Hartley"]
[Result "0-1"]
[WhiteCountry "ENG"]
[BlackCountry "ENG"]
[WhiteElo "1566"]
[WhiteRD "46"]
[BlackElo "1813"]
[BlackRD "60"]
[GameID "377271"]

1. e4 e5 2. f4 exf4 3. Nf3 d5 4. exd5 Qxd5 5. b3 Bg4 6. Bc4 Bxf3 7. Bxd5 Bxd1 8. Bxb7 Bxc2 9. Bxa8 c6 10. Nc3 Bd3
11. Bb2 f6 12. O-O-O Bd6 13. Rde1+ Kd7 14. Ne4 Nh6 15. Nxd6 Kxd6 16. Ba3+ Kc7 17. Re7+ Nd7 18. Bxc6 Kxc6 19. Rhe1 Nf5 20. Rf7 a6
21. g4 fxg3 22. hxg3 Ne5 23. Ra7 Kb6 24. Bc5+ Kxc5 25. Rxa6 Bxa6
0-1

[Event "Fast and Furious iv"]
[Site "SchemingMind.com"]
[Date "2015.03.26"]
[Round "-"]
[White "Phillip Beckett"]
[Black "Scooter"]
[Result "0-1"]
[WhiteCountry "ENG"]
[BlackCountry "USA"]
[WhiteElo "1566"]
[WhiteRD "46"]
[BlackElo "1708"]
[BlackRD "44"]
[GameID "377272"]

1. e4 e5 2. f4 exf4 3. Nf3 g5 4. Bc4 Nc6 5. d4 d6 6. O-O Bg7 7. c3 Bd7 8. h4 h6 9. hxg5 hxg5 10. Qb3 Be6
11. Bxe6 fxe6 12. Qxe6+ Qe7 13. Qxe7+ Ngxe7 14. Nxg5 Nxd4 15. Bxf4 Ne2+ 16. Kf2 Nxf4 17. Kg3 Be5 18. Rxf4 Ng6 19. Nh3 Rg8 20. Kf3 Nxf4
21. Nxf4 Bxf4 22. Kxf4 Rxg2 23. Na3 Rxb2 24. Nc4 Rf2+ 25. Ke3 Rf7 26. Rh1 O-O-O 27. Rh6 Rg7 28. Re6 Kd7 29. Rh6 Re8 30. Kd4 Re6
0-1

[Event "Fast and Furious iv"]
[Site "SchemingMind.com"]
[Date "2015.03.26"]
[Round "-"]
[White "Scooter"]
[Black "Phillip Beckett"]
[Result "1-0"]
[WhiteCountry "USA"]
[BlackCountry "ENG"]
[WhiteElo "1708"]
[WhiteRD "44"]
[BlackElo "1566"]
[BlackRD "46"]
[GameID "377273"]

1. e4 e5 2. f4 Qh4+ 3. g3 Qe7 4. Nc3 exf4 5. d3 fxg3 6. hxg3 c6 7. Bh3 Na6 8. b3 d5 9. Qe2 Bxh3 10. Nxh3 dxe4
11. Nxe4 f5 12. Nd6+ Kd7 13. Qxe7+ Nxe7 14. Nxb7 Kc7 15. Na5 Ng6 16. Bf4+ Kb6 17. Nc4+ Kc5 18. O-O-O Kd4 19. Be3+ Kc3 20. Ng1 Nb4
21. Ne2#
1-0

[Event "Fast and Furious iv"]
[Site "SchemingMind.com"]
[Date "2015.03.26"]
[Round "-"]
[White "Phillip Beckett"]
[Black "kenneth m day"]
[Result "0-1"]
[WhiteCountry "ENG"]
[BlackCountry "USA"]
[WhiteElo "1569"]
[WhiteRD "46"]
[BlackElo "1792"]
[BlackRD "50"]
[GameID "377274"]

1. e4 e5 2. f4 exf4 3. Nf3 g5 4. Bc4 Nc6 5. d4 Bg7 6. c3 d6 7. O-O g4 8. Bxf4 Nf6 9. Bg5 O-O 10. Nh4 Qe7
11. Nf5 Bxf5 12. exf5 Rad8 13. Bxf6 Qxf6 14. Qxg4 Kh8 15. Nd2 d5 16. Bd3 Rg8 17. Nf3 Bh6 18. Qh4 Bg5 19. Nxg5 Rxg5 20. Rf3 Rxg2+
21. Kxg2 Qxh4
0-1

[Event "Fast and Furious iv"]
[Site "SchemingMind.com"]
[Date "2015.03.26"]
[Round "-"]
[White "kenneth m day"]
[Black "Phillip Beckett"]
[Result "1-0"]
[WhiteCountry "USA"]
[BlackCountry "ENG"]
[WhiteElo "1792"]
[WhiteRD "50"]
[BlackElo "1569"]
[BlackRD "46"]
[GameID "377275"]

1. e4 e5 2. f4 Qh4+ 3. g3 Qe7 4. d3 exf4 5. Bxf4 d5 6. Nc3 dxe4 7. Qe2 exd3 8. Qxe7+ Nxe7 9. Bxd3 c6 10. Nf3 Ng6
11. Bc7 Nd7 12. O-O-O Be7 13. Bxg6 hxg6 14. Rhe1 Kf8 15. h4 Bf6 16. Rd3 Nc5 17. Rde3 Bg4 18. Bd6+ Kg8 19. Bxc5 Kh7 20. Ne5 Bxe5
21. Rxe5 Be6 22. h5 Rhe8 23. hxg6+ Kg8 24. gxf7+ Bxf7 25. Rxe8+ Bxe8 26. Ne4 Bg6 27. Nd6 b6 28. Bf2 Rd8 29. Nc4 Kf7 30. Ne5+ Kf6
31. Nxc6 Rd6 32. Nxa7 Kg5 33. Nb5 Rc6 34. Nd4 Rc4 35. c3 b5 36. Re5+
1-0

[Event "Fast and Furious iv"]
[Site "SchemingMind.com"]
[Date "2015.03.30"]
[Round "-"]
[White "Michael Christensen"]
[Black "ray winteringham"]
[Result "1-0"]
[WhiteCountry "GER"]
[BlackCountry "ENG"]
[WhiteElo "1666"]
[WhiteRD "74"]
[BlackElo "1535"]
[BlackRD "50"]
[GameID "377297"]

1. e4 e5 2. f4 exf4 3. Nf3 g5 4. h4 g4 5. Ne5 d6 6. Nxg4 Bg7 7. d4 Nf6 8. Nf2 Qe7 9. Bd3 Bd7 10. Bxf4 O-O
11. Nd2 Nc6 12. Be3 Nb4 13. Qe2 b6 14. a3 Nc6 15. O-O-O a5 16. h5 h6 17. g4 Nh7 18. Rdg1 Nxd4 19. Bxd4 Bxd4 20. Nf3 Bg7
21. Nh3 f6 22. Nf4 Qd8 23. Bc4+ Kh8 24. Ng6#
1-0

[Event "Fast and Furious iv"]
[Site "SchemingMind.com"]
[Date "2015.03.30"]
[Round "-"]
[White "ray winteringham"]
[Black "Michael Christensen"]
[Result "0-1"]
[WhiteCountry "ENG"]
[BlackCountry "GER"]
[WhiteElo "1527"]
[WhiteRD "51"]
[BlackElo "1691"]
[BlackRD "70"]
[GameID "377298"]

1. e4 e5 2. f4 exf4 3. Nf3 g5 4. h4 g4 5. Nd4 c5 6. Nf5 h5 7. d4 Nc6 8. Bxf4 cxd4 9. Bd3 Nf6 10. Nd2 Qb6
11. b3 d5 12. exd5 Nxd5 13. Qe2+ Be6 14. Bc4 Nxf4 15. Qe4 Ng6 16. Bxe6 fxe6 17. Qxe6+ Nce7 18. Qxb6 axb6 19. Nd6+ Kd7 20. Nb5 Bg7
21. O-O d3 22. Rac1 Bh6 23. Rfd1 Rxa2 24. Nd4 dxc2 25. Nxc2 Bxd2 26. Rxd2+ Ke8 27. Rcd1 Kf7 28. Rf2+ Kg7 29. Rdf1 g3 30. Rf7+ Kh6
31. Ne3 Rd8 32. R7f6 Rd3 33. Re6 Rxb3 34. Ref6 Rxe3 35. Rxb6 Ree2
0-1

[Event "Fast and Furious iv"]
[Site "SchemingMind.com"]
[Date "2015.03.27"]
[Round "-"]
[White "David Hartley"]
[Black "ray winteringham"]
[Result "1-0"]
[WhiteCountry "ENG"]
[BlackCountry "ENG"]
[WhiteElo "1811"]
[WhiteRD "61"]
[BlackElo "1535"]
[BlackRD "50"]
[GameID "377299"]

1. e4 e5 2. f4 exf4 3. Nf3 Bc5 4. d4 Bd6 5. e5 Be7 6. Bxf4 d6 7. exd6 cxd6 8. Be2 Nf6 9. O-O Bg4 10. c3 Qb6
11. Qc2 g6 12. Nbd2 O-O 13. Kh1 Nbd7 14. Rab1 Bf5 15. Bd3 Bxd3 16. Qxd3 Nd5 17. Bg3 Qd8 18. Rfe1 a5 19. Nc4 N7b6 20. Re2 Rc8
21. Nxa5 Nd7 22. Nb3 f5 23. Rbe1 Bf6 24. Bxd6 Rf7 25. Ne5 Nxe5 26. Bxe5 Kg7 27. Nc5 Bxe5 28. Ne6+
1-0

[Event "Fast and Furious iv"]
[Site "SchemingMind.com"]
[Date "2015.03.27"]
[Round "-"]
[White "ray winteringham"]
[Black "David Hartley"]
[Result "0-1"]
[WhiteCountry "ENG"]
[BlackCountry "ENG"]
[WhiteElo "1540"]
[WhiteRD "50"]
[BlackElo "1813"]
[BlackRD "60"]
[GameID "377300"]

1. e4 e5 2. f4 exf4 3. Nf3 g5 4. h3 Bg7 5. d4 d6 6. Bd2 Ne7 7. Nxg5 Ng6 8. Bc4 Qxg5 9. Qf3 Bxd4 10. Bxf4 Qxf4
11. Rf1 Qxf3 12. Rxf3 Bxb2 13. Bxf7+ Ke7 14. Bb3 Be6 15. Bxe6 Kxe6 16. Nc3 Bxa1
0-1

[Event "Fast and Furious iv"]
[Site "SchemingMind.com"]
[Date "2015.03.27"]
[Round "-"]
[White "Phillip Beckett"]
[Black "ray winteringham"]
[Result "0-1"]
[WhiteCountry "ENG"]
[BlackCountry "ENG"]
[WhiteElo "1566"]
[WhiteRD "46"]
[BlackElo "1540"]
[BlackRD "50"]
[GameID "377301"]

1. e4 e5 2. f4 exf4 3. Nf3 d6 4. d4 Be7 5. Bc4 Be6 6. d5 Bg4 7. O-O Nf6 8. h3 Bh5 9. Bxf4 O-O 10. e5 Nfd7
11. e6 fxe6 12. dxe6 Rxf4 13. exd7+ Rxc4 14. g4 Bg6 15. Qd5+ Bf7 16. Qxb7 Nxd7 17. Na3 Rb8 18. Qa6 Rcb4 19. c3 Rxb2 20. Nd4 Ne5
21. Rxf7 Kxf7 22. Rf1+ Kg8 23. Nc4 Nxc4 24. Qxc4+ d5 25. Qc6 Qd6
0-1

[Event "Fast and Furious iv"]
[Site "SchemingMind.com"]
[Date "2015.03.27"]
[Round "-"]
[White "ray winteringham"]
[Black "Phillip Beckett"]
[Result "1-0"]
[WhiteCountry "ENG"]
[BlackCountry "ENG"]
[WhiteElo "1540"]
[WhiteRD "50"]
[BlackElo "1566"]
[BlackRD "46"]
[GameID "377302"]

1. e4 e5 2. f4 Qh4+ 3. g3 Qe7 4. d3 exf4 5. Bxf4 d5 6. Bg2 dxe4 7. dxe4 Nf6 8. c3 Nxe4 9. Qa4+ c6 10. Qxe4 Qxe4+
11. Bxe4 Bg4 12. Nf3 Bc5 13. b4 Bb6 14. Nd4 O-O 15. O-O c5 16. bxc5 Bxc5 17. Bxb7 Nd7 18. Bxa8 Rxa8 19. Kh1 Nf6 20. Nd2
1-0

[Event "Fast and Furious iv"]
[Site "SchemingMind.com"]
[Date "2015.03.27"]
[Round "-"]
[White "Scooter"]
[Black "ray winteringham"]
[Result "0-1"]
[WhiteCountry "USA"]
[BlackCountry "ENG"]
[WhiteElo "1713"]
[WhiteRD "44"]
[BlackElo "1535"]
[BlackRD "50"]
[GameID "377303"]

1. e4 e5 2. f4 exf4 3. Nf3 Bc5 4. Bc4 d6 5. d3 Bg4 6. Nbd2 Nc6 7. h3 Bh5 8. Nb3 Bb6 9. Bxf4 Nf6 10. g4 Bg6
11. Qe2 O-O 12. O-O-O h6 13. Be3 Bxe3+ 14. Qxe3 a6 15. Nbd4 Ne7 16. a3 c5 17. Ne2 b5 18. Bb3 a5 19. Nh4 Bh7 20. Nf5 a4
21. Ba2 Bxf5 22. gxf5 Kh7 23. Rhg1 g6 24. fxg6+ fxg6 25. Nf4 Rg8 26. Bxg8+ Qxg8 27. Rg2 Qa2 28. Rdg1 g5 29. Nd5 Nexd5 30. exd5 Re8
31. Qf3 Qa1+ 32. Kd2 Qxb2 33. Qxf6 Qxf6
0-1

[Event "Fast and Furious iv"]
[Site "SchemingMind.com"]
[Date "2015.03.27"]
[Round "-"]
[White "ray winteringham"]
[Black "Scooter"]
[Result "1-0"]
[WhiteCountry "ENG"]
[BlackCountry "USA"]
[WhiteElo "1540"]
[WhiteRD "50"]
[BlackElo "1708"]
[BlackRD "44"]
[GameID "377304"]

1. e4 e5 2. f4 exf4 3. Qf3 g5 4. Bc4 d6 5. d4 Be6 6. Bxe6 fxe6 7. Qh5+ Kd7 8. Nf3 Be7 9. d5 Nf6 10. Qxg5 Nxe4
11. Qxf4 exd5 12. Qf5+ Ke8 13. Qxd5 Nc5 14. O-O Nbd7 15. Ng5 Ne5 16. Bf4 Bxg5 17. Bxe5 Be3+ 18. Kh1 dxe5 19. Qf7#
1-0

[Event "Fast and Furious iv"]
[Site "SchemingMind.com"]
[Date "2015.03.27"]
[Round "-"]
[White "kenneth m day"]
[Black "ray winteringham"]
[Result "1-0"]
[WhiteCountry "USA"]
[BlackCountry "ENG"]
[WhiteElo "1792"]
[WhiteRD "50"]
[BlackElo "1535"]
[BlackRD "50"]
[GameID "377305"]

1. e4 e5 2. f4 exf4 3. Nf3 Be7 4. Bc4 b6 5. d4 Bb7 6. Nc3 Bg5 7. O-O Ne7 8. Nxg5 O-O 9. Bxf4 Ng6 10. Be3 h6
11. Nxf7 Rxf7 12. Bxf7+ Kh8 13. Bxg6
1-0

[Event "Fast and Furious iv"]
[Site "SchemingMind.com"]
[Date "2015.03.27"]
[Round "-"]
[White "ray winteringham"]
[Black "kenneth m day"]
[Result "0-1"]
[WhiteCountry "ENG"]
[BlackCountry "USA"]
[WhiteElo "1535"]
[WhiteRD "50"]
[BlackElo "1792"]
[BlackRD "50"]
[GameID "377306"]

1. e4 e5 2. f4 exf4 3. Qf3 Nc6 4. Bc4 Nf6 5. d3 Bc5 6. Qxf4 O-O 7. Nf3 d6 8. h3 Nb4 9. Qd2 Bd7 10. Nc3 Nc6
11. a3 Ne5 12. Qe2 Nxc4 13. dxc4 Re8 14. Bd2 Bf5 15. O-O-O Nxe4 16. Nxe4 Rxe4 17. Qf1 Qd7 18. Ng5 Re5 19. Nf3 Re7 20. b4 Bb6
21. Re1 Rae8 22. Rd1 Qa4 23. Nd4 Qxa3+ 24. Kb1 Bxd4
0-1

[Event "Fast and Furious iv"]
[Site "SchemingMind.com"]
[Date "2015.03.30"]
[Round "-"]
[White "Michael Christensen"]
[Black "AlwaysInTears"]
[Result "0-1"]
[WhiteCountry "GER"]
[BlackCountry "RSA"]
[WhiteElo "1666"]
[WhiteRD "74"]
[BlackElo "1886"]
[BlackRD "85"]
[GameID "377358"]

1. e4 e5 2. f4 exf4 3. Nf3 Nf6 4. e5 Nh5 5. d4 d5 6. exd6 Bxd6 7. Bd3 O-O 8. O-O g5 9. h4 gxh4 10. Nh2 Qg5
11. Nf3 Qg3 12. Nc3 h3 13. Qe2 Nf6 14. Rf2 Bg4 15. Bd2 Nc6 16. Re1 Nxd4 17. Qf1 Bxf3 18. Rxf3 Nxf3+ 19. Qxf3 h2+ 20. Kh1 Rae8
0-1

[Event "Fast and Furious iv"]
[Site "SchemingMind.com"]
[Date "2015.03.28"]
[Round "-"]
[White "David Hartley"]
[Black "AlwaysInTears"]
[Result "0-1"]
[WhiteCountry "ENG"]
[BlackCountry "RSA"]
[WhiteElo "1811"]
[WhiteRD "61"]
[BlackElo "1886"]
[BlackRD "85"]
[GameID "377360"]

1. e4 e5 2. f4 exf4 3. Nf3 Nf6 4. e5 Nh5 5. d4 d5 6. Be2 Bg4 7. Nbd2 g5 8. Nb3 h6 9. Ng1 Bxe2 10. Qxe2 Ng7
11. h4 Nc6 12. hxg5 Qxg5 13. Rh3 O-O-O 14. Rf3 Ne6 15. c3 Bg7 16. Nh3 Qh4+ 17. Qf2 Qe7 18. Nxf4 Ng5 19. Re3 Ne4 20. Qf3 h5
21. Bd2 Bh6 22. O-O-O Qh4 23. Rf1 Rdg8 24. Ree1 Rg3 25. Rh1 Qxh1 26. Rxh1 Rxf3
0-1

[Event "Fast and Furious iv"]
[Site "SchemingMind.com"]
[Date "2015.03.28"]
[Round "-"]
[White "AlwaysInTears"]
[Black "David Hartley"]
[Result "1-0"]
[WhiteCountry "RSA"]
[BlackCountry "ENG"]
[WhiteElo "1886"]
[WhiteRD "85"]
[BlackElo "1811"]
[BlackRD "61"]
[GameID "377361"]

1. e4 e5 2. f4 exf4 3. Nf3 d6 4. Bc4 g5 5. d4 h6 6. O-O Bg7 7. Nc3 Bg4 8. Qd3 Nd7 9. a4 Qf6 10. Nd5 Qd8
11. a5 Ngf6 12. a6 b6 13. Bb5 c5 14. dxc5 bxc5 15. e5 dxe5 16. Nxe5 Be6 17. Nc6 Qc8 18. c4 Nxd5 19. cxd5 Bd4+ 20. Nxd4
1-0

[Event "Fast and Furious iv"]
[Site "SchemingMind.com"]
[Date "2015.03.28"]
[Round "-"]
[White "Phillip Beckett"]
[Black "AlwaysInTears"]
[Result "0-1"]
[WhiteCountry "ENG"]
[BlackCountry "RSA"]
[WhiteElo "1569"]
[WhiteRD "46"]
[BlackElo "1886"]
[BlackRD "85"]
[GameID "377362"]

1. e4 e5 2. f4 exf4 3. Nf3 Nf6 4. e5 Nh5 5. d4 d5 6. exd6 Bxd6 7. Bc4 O-O 8. O-O g5 9. c3 Bf5 10. Ne5 Ng7
11. h4 h6 12. hxg5 hxg5 13. Nxf7 Rxf7 14. Qb3 Bg6 15. Nd2 Nc6 16. Ne4 Na5 17. Bxf7+ Bxf7 18. Qc2 Be7 19. Nf2 Qd6 20. Ne4 Qe6
21. Bd2 Nc4 22. Rae1 Qg6 23. Qd3 Nd6 24. Qe2 Bc4 25. Qf3 Bxf1 26. Nxd6 Bxd6 27. Qd5+ Kh7 28. Rxf1 c6 29. Qf3 g4 30. Qf2 g3
31. Qf3 Qh6 32. Qe4+ Kh8 33. Rf3 Re8 34. Qd3 Qh2+ 35. Kf1 Qh1#
0-1